| 000 | 01310nam2a2200289 4500 | ||
|---|---|---|---|
| 001 | rc\2895538 | ||
| 005 | 20260315053419.0 | ||
| 035 | _a(NLR Aleph) 007047489 | ||
| 090 |
_a13589877 _c13589877 |
||
| 100 | _a20110727d1931 u y0rusy50 ca | ||
| 101 | 0 | _arus | |
| 102 | _aRU | ||
| 105 | _aa z ||||| | ||
| 200 | 1 |
_aКотельное дело _hЧ. I ... _fИнж. П.В. Самойлов |
|
| 210 | _d1931 | ||
| 215 |
_a94 с., 2 с. объявл. _cил. |
||
| 300 | _aРедакторы Отд. металлообработки проф. К.Г. Грейнер и отв. ред. инж. Г.Я. Вейнберг | ||
| 461 | 0 |
_1001rc\2895537 _12001#$aРабочий техникум на дому$iМеталлообработка$vКн. 5 _96157743 _cЛенинград _d1931 _iМеталлообработка _nПрибой _tРабочий техникум на дому _vКн. 5 |
|
| 700 | 1 |
_aСамойлов _bП.В. |
|
| 702 | 1 |
_aГрейнер _bК.Г. _4340 |
|
| 702 | 1 |
_4340 _7ca _8rus _aВейнберг _bГ. Я. _cинженер-технолог, производство стали _f1867- _gГригорий Яковлевич _9175084 _3RU\NLR\AUTH\770175135 |
|
| 801 | 0 |
_aRU _bNLR _gpsbo |
|
| 801 | 1 |
_aRU _bELAR _2rusmarc |
|
| 852 |
_aNLR _j30.18/392(5) |
||
| 942 | _cUNSPEC | ||
| 980 | _aNB | ||